000 01478nam a2200229Ia 4500
001 18593
003 GE_BSU
008 181216s||||||||xx |||||||||||||| ||und||
020 _a9789941087042
040 _cGE_BSU
080 _a821.353.1.09+130
100 _aხანიაშვილი,ნაზი.
245 _a,,ვეფხის-ტყაოსანი " და მეტაფიზიკა
260 _aთბილისი
260 _c2016
300 _a174გვ;ილ;20სმ.
300 _bბიბლიოგრ.: გვ. 173
653 _a,,ვეფხისტყაოსანი " და მეტაფიზიკა
653 _aქართული ლიტერატურა
653 _aშოათა რუსთაველის გენიალური პოემის-,,ვეფხისტყაოსნის"თითოეული სტროფი მრავალგანზომილებიანი სამყაროს მეტაფიზიკური ცოდნითაა გაჯერებული.წიგნში წარმოდგენილი საკითხები მოიცავს ,,ვეფხის-ტყაოსანში"ასახული მრავალგანზომილებიანი სამყაროს მეტაფიზიკური სიღრმეების განხილვას.
942 _cBK
999 _c51602
_d51602